Normal view
MARC view
- Commercial art--Awards--Europe
Entry Topical Term
001 - CONTROL NUMBER
- control field: 1913
003 - CONTROL NUMBER IDENTIFIER
- control field: JO-AjAnu
005 - DATE AND TIME OF LATEST TRANSACTION
- control field: 20230606070622.0
008 - FIXED-LENGTH DATA ELEMENTS
- fixed length control field: 230606|| aca||aabn | a|a d
040 ## - CATALOGING SOURCE
- Original cataloging agency: JO-AjAnu
- Transcribing agency: JO-AjAnu
150 ## - HEADING--TOPICAL TERM
- Topical term or geographic name entry element: Commercial art--Awards--Europe
670 ## - SOURCE DATA FOUND
- Source citation: Work cat.: (JO-AjAnu)1006: د. مؤلف, author 1912, Epica Book 22 : Europe's best advertising